000 01011nam a22002537a 4500
005 20240530110527.0
008 150602s2012 ua g 000 0 ara d
017 _a17660
_bمصر . دار الكتب المصرية
020 _a9789773582574
040 _aEG-CaGPL
082 0 4 _221
_a306.42\
_bس ت
100 1 _aسيابيرا ، يوجينيا
245 1 2 _aالتنوع الثقافى و الاعلام العالمى /
_cتاليف يوجينيا سيابيرا ؛ ترجمة احمد المغربى .
250 _aط1.
260 _aالقاهرة :
_bدار الفجر للنشر و التوزيع ،
_c2012 .
300 _a323 ص ؛
_c24 سم .
650 0 4 _aوسائل الاعلام
_xالجوانب الاجتماعية .
650 0 4 _aالثقافة الجماهيرية .
650 0 4 _aاعلام الاقليات .
650 0 4 _aوسائل الاعلام .
700 0 _aاحمد المغربى
_eمترجم .
942 _2ddc
_cBK
999 _c62009
_d62009